Mechanics of materials / (Record no. 15013)
[ view plain ]
| 000 -LEADER | |
|---|---|
| fixed length control field | 00944cam a22002895a 4500 |
| 001 - CONTROL NUMBER | |
| control field | 16464842 |
| 005 - DATE AND TIME OF LATEST TRANSACTION | |
| control field | 20201128020852.0 |
| 008 - FIXED-LENGTH DATA ELEMENTS--GENERAL INFORMATION | |
| fixed length control field | 100917s2011 si a frb 001 0 eng d |
| 010 ## - LIBRARY OF CONGRESS CONTROL NUMBER | |
| LC control number | 2010483792 |
| 020 ## - INTERNATIONAL STANDARD BOOK NUMBER | |
| International Standard Book Number | 9810685092 |
| 020 ## - INTERNATIONAL STANDARD BOOK NUMBER | |
| International Standard Book Number | 9789810685096 |
| 040 ## - CATALOGING SOURCE | |
| Original cataloging agency | DLC |
| Language of cataloging | eng |
| Transcribing agency | DLC |
| Modifying agency | DLC |
| -- | EG-ScBUE |
| -- | EG-ScBUE |
| 082 04 - DEWEY DECIMAL CLASSIFICATION NUMBER | |
| Classification number | 620.1123 |
| Item number | HIB |
| Edition number | 22 |
| 100 1# - MAIN ENTRY--PERSONAL NAME | |
| Personal name | Hibbeler, R. C. |
| 9 (RLIN) | 10021 |
| 245 10 - TITLE STATEMENT | |
| Title | Mechanics of materials / |
| Statement of responsibility, etc | R. C. Hibbeler ; SI Conversion by S. C. Fan. |
| 250 ## - EDITION STATEMENT | |
| Edition statement | 8th ed., SI units ed. |
| 260 ## - PUBLICATION, DISTRIBUTION, ETC. (IMPRINT) | |
| Place of publication, distribution, etc | Jurong : |
| Name of publisher, distributor, etc | Prentice Hall / Pearson Education South Asia, |
| Date of publication, distribution, etc | 2011. |
| 300 ## - PHYSICAL DESCRIPTION | |
| Extent | xxii, 866 p. : |
| Other physical details | ill. (col.) ; |
| Dimensions | 24 cm. |
| 500 ## - GENERAL NOTE | |
| General note | Index : p. 854-862. |
| 504 ## - BIBLIOGRAPHY, ETC. NOTE | |
| Bibliography, etc | Includes bibliographical references. |
| 650 #7 - SUBJECT ADDED ENTRY--TOPICAL TERM | |
| Topical term or geographic name as entry element | Materials. |
| Source of heading or term | BUEsh |
| 9 (RLIN) | 1256 |
| 650 #7 - SUBJECT ADDED ENTRY--TOPICAL TERM | |
| Topical term or geographic name as entry element | Strength of materials. |
| Source of heading or term | BUEsh |
| 9 (RLIN) | 10669 |
| 651 ## - SUBJECT ADDED ENTRY--GEOGRAPHIC NAME | |
| Source of heading or term | BUEsh |
| 653 ## - INDEX TERM--UNCONTROLLED | |
| Resource For college | Engineering, Mechanical |
| Arrived date list | December2014 |
| -- | February2016 |
| 700 1# - ADDED ENTRY--PERSONAL NAME | |
| Personal name | Fan, S. C., |
| Relator term | editor. |
| 942 ## - ADDED ENTRY ELEMENTS (KOHA) | |
| Source of classification or shelving scheme | Dewey Decimal Classification |
| Item type | NB - Book (Non borrowing) |
| Withdrawn status | Item status | Source of classification or shelving scheme | Damaged status | Not for loan | Vendor | Home library | Current library | Shelving location | Date acquired | Source of acquisition | Total Checkouts | Full call number | Barcode | Date last seen | Date last borrowed | Koha item type | Total Renewals | Cost, normal purchase price | Checked out | Cost, replacement price |
|---|---|---|---|---|---|---|---|---|---|---|---|---|---|---|---|---|---|---|---|---|
| Dewey Decimal Classification | Baccah | Central Library | Central Library | First floor | 15/03/2011 | Purchase | 1 | 620.1123 HIB | 000022968 | 15/07/2025 | 05/04/2011 | NB - Book (Non borrowing) | ||||||||
| Dewey Decimal Classification | Baccah | Central Library | Central Library | First floor | 17/03/2011 | Purchase | 10 | 620.1123 HIB | 000022892 | 15/07/2025 | 04/12/2019 | Book - Borrowing | 37 | |||||||
| Dewey Decimal Classification | Baccah | Central Library | Central Library | First floor | 17/03/2011 | Purchase | 12 | 620.1123 HIB | 000022893 | 15/07/2025 | 27/01/2020 | Book - Borrowing | 71 | |||||||
| Dewey Decimal Classification | Baccah | Central Library | Central Library | First floor | 17/03/2011 | Purchase | 14 | 620.1123 HIB | 000022894 | 15/07/2025 | 03/11/2020 | Book - Borrowing | 75 | |||||||
| Dewey Decimal Classification | Baccah | Central Library | Central Library | First floor | 17/03/2011 | Purchase | 11 | 620.1123 HIB | 000022895 | 15/07/2025 | 03/07/2019 | Book - Borrowing | 86 | |||||||
| Dewey Decimal Classification | Baccah | Central Library | Central Library | First floor | 17/03/2011 | Purchase | 14 | 620.1123 HIB | 000022896 | 15/07/2025 | 11/02/2020 | Book - Borrowing | 85 | |||||||
| Dewey Decimal Classification | Baccah | Central Library | Central Library | First floor | 20/04/2011 | Purchase | 10 | 620.1123 HIB | 000023326 | 28/12/2017 | 28/12/2017 | Book - Borrowing | 93 | 180.00 | 24/09/2018 | 225.00 | ||||
| Dewey Decimal Classification | Baccah | Central Library | Central Library | First floor | 20/04/2011 | Purchase | 9 | 620.1123 HIB | 000023327 | 15/07/2025 | 21/05/2018 | Book - Borrowing | 66 | 180.00 | ||||||
| Dewey Decimal Classification | Baccah | Central Library | Central Library | First floor | 20/04/2011 | Purchase | 9 | 620.1123 HIB | 000023328 | 15/07/2025 | 26/02/2019 | Book - Borrowing | 75 | 180.00 | ||||||
| Dewey Decimal Classification | Baccah | Central Library | Central Library | First floor | 20/04/2011 | Purchase | 12 | 620.1123 HIB | 000023329 | 15/07/2025 | 01/11/2020 | Book - Borrowing | 172 | 180.00 |